000 00706nas a2200217 4500
001 BR8304258
003 BR-BrBNA
005 20231205085645.0
007 ta
008 230509b bl.|||p| |||| 00| 00por d
040 _aBR-BrBNA
_bpor
_cBiblioteca Nacional de Agricultura
041 _a(Pt)
072 _aB50; P00
100 1 _aLavor, J.C.N. de
245 1 _aHistoriografia do Jardim Botanico do Rio de Janeiro, no contexto da Fazenda Real da Lagoa Rodrigo de Freitas e seus desdobramentos [Brasil]
650 _aJARDIM BOTANICO
650 _aHISTORIA
773 0 _tRodriguesia (Brazil)
_x
_g(1983), v. 35(57) p. 51-99
_wBR8304258
909 _a202311
_bLúcia
_c55
_dLúcia Elande
942 _2AGRIS
_n0
_cANA
999 _c112850
_d112850